[Event "SWE-chT2 1314"]
[Site "Sweden"]
[Date "2014.03.07"]
[Round "7"]
[White "Andersson, Johan"]
[Black "Gummesson, Anton"]
[Result "0-1"]
[WhiteElo "2139"]
[BlackElo "1827"]
[PlyCount "76"]
[EventDate "2013.11.22"]
[EventType "team-tourn"]
[EventRounds "9"]
[EventCountry "SWE"]
[SourceTitle "EXT 2015"]
[Source "ChessBase"]
[SourceDate "2014.11.20"]
[SourceVersion "1"]
[SourceVersionDate "2014.11.20"]
[SourceQuality "1"]
[WhiteTeam "Kamraterna"]
[BlackTeam "Orebro"]
[WhiteTeamCountry "SWE"]
[BlackTeamCountry "SWE"]

1. e4 c5 2. Nf3 Nc6 3. Bb5 Nf6 4. Qe2 g6 5. 0-0 Bg7 6. e5 Nd5 7. Qc4 Nc7 8. Bxc6 dxc6 9. Qxc5 0-0 10. h3 Bf5 11. d3 Na6 12. Qc4 Qc7 13. Re1 b5 14. Qh4 Rad8 15. Bh6 c5 16. Nc3 Nb4 17. Nxb5 Qb7 18. Na3 Rfe8 19. Bxg7 Kxg7 20. Re2 h6 21. Nc4 Be6 22. a3 Nd5 23. b3 Nc7 24. Ncd2 Bd5 25. Qg3 Ne6 26. h4 Bc6 27. Ne4 a5 28. a4 Qb4 29. Rae1 Rd7 30. h5 Rf8 31. Nh4 g5 32. Qg4 Qb8 33. Nf5+ Kh7 34. Re3 Rg8 35. g3 Ra7 36. Kh2 Qc8 37. Qd1 Nf4 38. gxf4 Qxf5 0-1